000 00920nam a2200229Ia 4500
003 OSt
005 20220923220819.0
006 a|||||r|||| 00| 0
007 ta
008 220922b |||||||| |||| 00| 0 san d
024 _a190,785
037 _cTextual
040 _aARTS
_cARTS
_bsan
041 _2san
_asan
082 _aR625x7,1,1, 15J3-;3(WPH)
100 _aविश्वनाथ तर्कपन्धान
245 0 _aन्याय सिद्धान्त मुक्तावली, संपा धर्मेन्द्नाथ शास्त्री
246 _aNyāya siddhānta muktāvalī, sanpā dharmendnāth shāstrī
260 _aदिल्ली
_b मोतीलाल बनारसीदास
_c1953
942 _hR625x7,1,1, 15J3-;3(WPH)
_cTEXL
_2CC
999 _c343532
_d343532